[Event "World Blitz 2025"]
[Site "Doha QAT"]
[Date "2025.12.29"]
[Round "3.56"]
[White "Narayanan, S.L."]
[Black "Ganguly, Surya Shekhar"]
[Result "1-0"]
[WhiteTitle "GM"]
[BlackTitle "GM"]
[WhiteElo "2616"]
[BlackElo "2568"]
[WhiteFideId "5058422"]
[BlackFideId "5002150"]
[EventDate "2025.12.29"]

1. d4 Nf6 2. c4 e6 3. Nf3 d5 4. Nc3 Be7 5. h3 O-O 6. cxd5 Nxd5 7. e4 Nxc3 8.
bxc3 c5 9. Bc4 a6 10. a4 Qc7 11. Qe2 cxd4 12. cxd4 Bb4+ 13. Kf1 Nc6 14. Bb2 Bd7
15. h4 b5 16. Bd3 bxa4 17. d5 Na5 18. Rc1 Qf4 19. g3 Qh6 20. Rc7 Rad8 21. Ng5
exd5 22. exd5 Bb5 23. Bxb5 axb5 24. Qxb5 Qd6 25. Qd3 Qg6 26. Qxg6 hxg6 27. h5 a3
28. Ba1 Nb3 29. hxg6 Nxa1 30. gxf7+ Rxf7 31. Nxf7 1-0

[Event "World Blitz 2025"]
[Site "Doha QAT"]
[Date "2025.12.29"]
[Round "3.57"]
[White "Sapenov, Daniyal"]
[Black "Santos Latasa, Jaime"]
[Result "1/2-1/2"]
[WhiteTitle "IM"]
[BlackTitle "GM"]
[WhiteElo "2440"]
[BlackElo "2616"]
[WhiteFideId "13728911"]
[BlackFideId "2293307"]
[EventDate "2025.12.29"]

1. e4 c5 2. c3 Nf6 3. e5 Nd5 4. Bc4 Nb6 5. Bb3 c4 6. Bc2 d6 7. exd6 Qxd6 8. Nf3
Qe6+ 9. Kf1 Nc6 10. d4 cxd3 11. Qxd3 Qg6 12. Na3 Qxd3+ 13. Bxd3 Bg4 14. Ke2 e6
15. Nb5 Rc8 16. Be3 Nd5 17. Be4 a6 18. Bxd5 exd5 19. Nd4 Bd6 20. h3 Bd7 21. Rhd1
O-O 22. Kf1 Na5 23. Ne2 Be6 24. Bf4 Be7 25. Nfd4 Nc4 26. b3 Nb6 27. Rd3 Rfe8 28.
Re1 Bf6 29. Bg3 Nd7 30. f3 Nc5 31. Re3 Bd7 32. Nf4 Rxe3 33. Rxe3 Bc6 34. Kf2 g6
35. Nfe2 Nd7 36. Bd6 h5 37. Rd3 Rd8 38. Re3 Rc8 39. Rd3 Rd8 40. Re3 Rc8 1/2-1/2

[Event "World Blitz 2025"]
[Site "Doha QAT"]
[Date "2025.12.29"]
[Round "3.58"]
[White "Amar, Elham"]
[Black "Halkias, Stelios"]
[Result "1-0"]
[WhiteTitle "GM"]
[BlackTitle "GM"]
[WhiteElo "2592"]
[BlackElo "2503"]
[WhiteFideId "1533533"]
[BlackFideId "4201809"]
[EventDate "2025.12.29"]

1. e4 c5 2. Nf3 Nc6 3. Bb5 e6 4. O-O Nge7 5. d4 cxd4 6. Nxd4 Qb6 7. Nxc6 bxc6 8.
Bd3 Ng6 9. c4 Be7 10. Nc3 O-O 11. Rb1 c5 12. Be3 Bb7 13. f4 Qc7 14. Qh5 Bf6 15.
Rf3 Bd4 16. Bxd4 cxd4 17. Nb5 Qb8 18. Rbf1 Bc6 19. Rh3 h6 20. e5 Bxb5 21. cxb5
Qe8 22. Rg3 Kh7 23. h4 Rb8 24. Qg4 Kg8 25. h5 1-0

[Event "World Blitz 2025"]
[Site "Doha QAT"]
[Date "2025.12.29"]
[Round "3.59"]
[White "Karthik, Venkataraman"]
[Black "Makarian, Rudik"]
[Result "1-0"]
[WhiteTitle "GM"]
[BlackTitle "GM"]
[WhiteElo "2589"]
[BlackElo "2524"]
[WhiteFideId "25006479"]
[BlackFideId "44105681"]
[EventDate "2025.12.29"]

1. e4 e5 2. Nc3 Nc6 3. Nf3 Nf6 4. Bb5 Nd4 5. Be2 Nxe2 6. Qxe2 d6 7. d4 exd4 8.
Nxd4 Be7 9. Bg5 h6 10. Bh4 O-O 11. O-O-O Ng4 12. Bg3 Bh4 13. Kb1 Bxg3 14. hxg3
Nf6 15. f3 Qe7 16. g4 Qe5 17. Qd2 Qc5 18. Rxh6 gxh6 19. Qxh6 Nxg4 20. fxg4 Qe5
21. Nd5 f5 22. Qg6+ 1-0

[Event "World Blitz 2025"]
[Site "Doha QAT"]
[Date "2025.12.29"]
[Round "3.60"]
[White "Le, Tuan Minh"]
[Black "Movahed, Sina"]
[Result "1/2-1/2"]
[WhiteTitle "GM"]
[BlackTitle "GM"]
[WhiteElo "2598"]
[BlackElo "2596"]
[WhiteFideId "12401153"]
[BlackFideId "42520835"]
[EventDate "2025.12.29"]

1. d4 Nf6 2. Nf3 g6 3. c4 Bg7 4. g3 O-O 5. Bg2 d6 6. O-O Nbd7 7. Qc2 e5 8. Rd1
Qe7 9. Nc3 c6 10. e4 exd4 11. Nxd4 Ne5 12. Qe2 a6 13. h3 b5 14. cxb5 axb5 15. f4
b4 16. fxe5 dxe5 17. Nxc6 Qc5+ 18. Be3 Qxc6 19. Nd5 Nxd5 20. exd5 Qd7 21. Qc4
Bb7 22. Qxb4 e4 23. Bd4 Ra4 24. Qb6 Ra6 25. Qb4 Ra4 26. Qb6 Rxd4 27. Rxd4 Bxd4+
28. Qxd4 Qxd5 29. Qxd5 Bxd5 30. Rd1 Bxa2 31. Bxe4 Kg7 32. b4 Rb8 33. Rd4 Kf6 34.
Bc6 Be6 35. h4 Ke5 36. Re4+ Kd6 37. b5 Kc5 38. Kf2 Rd8 39. Re5+ Kb6 40. Kf3 Rd4
41. Re4 Rd1 42. Ra4 Kc5 43. Kf4 h6 44. Ra3 Rd4+ 45. Ke3 Rb4 46. Rc3+ Kd6 47.
Rd3+ Ke5 48. Rc3 Rb2 49. Rc5+ Kd6 50. Rc3 g5 51. hxg5 hxg5 52. Ke4 f5+ 53. Ke3
Rb4 54. Kf3 Ke5 55. Re3+ Kf6 56. Rc3 Bf7 57. Bd7 Bd5+ 58. Kf2 Rb2+ 59. Ke3 Ke5
60. Bc6 f4+ 61. gxf4+ gxf4+ 62. Kd3 Be6 63. Rc5+ Kd6 64. Rg5 Rb4 65. Ke2 Ke7 66.
Kf3 Kf6 67. Rc5 Bb3 68. Be4 Ba4 69. Rf5+ Ke6 70. Rxf4 Rb3+ 71. Kg4 Ke5 1/2-1/2

[Event "World Blitz 2025"]
[Site "Doha QAT"]
[Date "2025.12.29"]
[Round "3.61"]
[White "Amin, Bassem"]
[Black "Kobalia, Mikhail"]
[Result "1-0"]
[WhiteTitle "GM"]
[BlackTitle "GM"]
[WhiteElo "2626"]
[BlackElo "2537"]
[WhiteFideId "10601457"]
[BlackFideId "4119150"]
[EventDate "2025.12.29"]

1. Nf3 d5 2. g3 g6 3. Bg2 Bg7 4. d4 Nf6 5. O-O O-O 6. c4 c6 7. a4 a5 8. cxd5
cxd5 9. Nc3 Nc6 10. Qb3 Bg4 11. Nb5 Ne4 12. Bf4 Rc8 13. Rfd1 Qd7 14. Ne5 Nxe5
15. dxe5 Nc5 16. Qe3 Be6 17. Nc3 Nb3 18. Ra3 d4 19. Qf3 dxc3 20. Rxd7 c2 21. h4
Bxe5 22. Be3 Nd4 23. Rxd4 Bxd4 24. Bc1 Rfd8 25. Rd3 Bf5 26. Rd2 Bf6 27. Qe3 Rxd2
28. Qxd2 h5 29. Bxb7 Rc4 30. e4 Bg4 31. Bd5 Rc7 32. Qxa5 Rd7 33. Qa8+ Kg7 34.
Qe8 Be6 35. Bxe6 Rd1+ 36. Kg2 fxe6 37. Be3 Bd4 38. Qxe7+ Kg8 39. Qxe6+ Kg7 40.
Qe7+ Kg8 41. Qd8+ Kf7 42. Bxd4 c1=Q 43. Qd7+ Kf8 44. Qg7+ Ke8 45. Qxg6+ Kd7 46.
Qf5+ Kc6 47. Qb5+ Kd6 48. Qd5+ Kc7 49. Qc5+ Qxc5 50. Bxc5 Rc1 51. b4 Rc3 52. a5 1-0

[Event "World Blitz 2025"]
[Site "Doha QAT"]
[Date "2025.12.29"]
[Round "3.62"]
[White "Gaehwiler, Gabriel"]
[Black "Ponomariov, Ruslan"]
[Result "0-1"]
[WhiteTitle "IM"]
[BlackTitle "GM"]
[WhiteElo "2382"]
[BlackElo "2639"]
[WhiteFideId "1314530"]
[BlackFideId "14103320"]
[EventDate "2025.12.29"]

1. d4 Nf6 2. Nf3 d5 3. c4 e6 4. g3 Bb4+ 5. Bd2 Be7 6. Qc2 c6 7. Bg2 Nbd7 8. O-O
b6 9. cxd5 cxd5 10. Rc1 O-O 11. a4 Bb7 12. Nc3 Rc8 13. Qd1 Ne4 14. Be1 f5 15. a5
bxa5 16. Nb5 Rxc1 17. Qxc1 Qb6 18. Nc3 Bb4 19. Qe3 h6 20. h4 Rc8 21. Bh3 Ba6 22.
Bf1 Bd6 23. Qc1 Ndf6 24. Qb1 Bb4 25. Ne5 Qxd4 26. Nf3 Qb6 27. Qa2 Bc4 28. Qa4
Nxg3 29. Bg2 Bxc3 30. Bxc3 Nxe2+ 31. Kh1 Nxc3 32. bxc3 Ng4 33. Qd7 Nxf2+ 34. Kh2
Qc7+ 35. Qxc7 Rxc7 36. Rxa5 Kf7 37. Kg3 Ne4+ 38. Kf4 Kf6 39. h5 Nxc3 0-1

[Event "World Blitz 2025"]
[Site "Doha QAT"]
[Date "2025.12.29"]
[Round "3.63"]
[White "Raja, Harshit"]
[Black "Donchenko, Alexander"]
[Result "1/2-1/2"]
[WhiteTitle "GM"]
[BlackTitle "GM"]
[WhiteElo "2472"]
[BlackElo "2661"]
[WhiteFideId "5089000"]
[BlackFideId "24603295"]
[EventDate "2025.12.29"]

1. e4 c5 2. Nf3 e6 3. c3 d5 4. exd5 exd5 5. d4 Nf6 6. Bb5+ Bd7 7. Qe2+ Be7 8.
dxc5 O-O 9. O-O Bxc5 10. Bg5 h6 11. Bxf6 Qxf6 12. Bxd7 Nxd7 13. Qd3 Qd6 14. Nbd2
Nf6 15. Rad1 Rfe8 16. Nb3 Bb6 17. Nbd4 a6 18. Rfe1 Ne4 19. Re2 Nc5 20. Qf5 Rxe2
21. Nxe2 Rd8 22. Nf4 g6 23. Qe5 Qxe5 24. Nxe5 Ne4 25. Rxd5 Bxf2+ 26. Kf1 Bb6 27.
Rxd8+ Bxd8 28. Nd5 Kf8 29. Ke2 Ke8 30. Kd3 Nf6 31. Kc4 Nxd5 32. Kxd5 Bc7 33. c4
h5 34. h3 Ke7 35. b4 g5 36. Nf3 g4 37. hxg4 hxg4 38. Ne5 f5 39. a4 Kf6 40. Nd7+
Kg5 41. Nc5 f4 42. Ne6+ Kf5 43. Nxc7 f3 44. gxf3 g3 45. Ne6 g2 46. Nd4+ Kf4 47.
Ne2+ Kxf3 48. Ng1+ Kf2 49. Nh3+ Kg3 50. Ng1 Kf2 51. Nh3+ 1/2-1/2

[Event "World Blitz 2025"]
[Site "Doha QAT"]
[Date "2025.12.29"]
[Round "3.64"]
[White "Krallis, Christos"]
[Black "Shimanov, Aleksandr"]
[Result "0-1"]
[WhiteTitle "IM"]
[BlackTitle "GM"]
[WhiteElo "2416"]
[BlackElo "2578"]
[WhiteFideId "4298896"]
[BlackFideId "4198603"]
[EventDate "2025.12.29"]

1. e4 e6 2. d4 d5 3. Nc3 dxe4 4. Nxe4 Nd7 5. Nf3 Ngf6 6. Nxf6+ Nxf6 7. Bd3 c5 8.
O-O cxd4 9. Nxd4 Bc5 10. Nb3 Be7 11. Bf4 O-O 12. Qe2 Bd7 13. Rad1 Qb6 14. Be3
Qc7 15. c3 Rfd8 16. Rfe1 Nd5 17. Bc1 Nf6 18. Nd4 Rac8 19. h3 a6 20. Qf3 Be8 21.
Bf4 Bd6 22. Bg5 Bh2+ 23. Kh1 Be5 24. Qe2 Rd5 25. Nf3 Bf4 26. Bxf6 gxf6 27. g3
Bh6 28. Qe4 f5 29. Qh4 Bg7 30. Bf1 Rcd8 31. Rxd5 Rxd5 32. Bg2 Rd8 33. Nd4 Bd7
34. Rd1 Bc8 35. Kh2 Rd7 36. Re1 Qd8 37. Qh5 Qf6 38. Nf3 Rd8 39. g4 fxg4 40. hxg4
b5 41. g5 Qf4+ 42. Kg1 Bb7 43. Ne5 Bxg2 44. Ng4 Bf3 45. Nh6+ Bxh6 0-1

[Event "World Blitz 2025"]
[Site "Doha QAT"]
[Date "2025.12.29"]
[Round "3.65"]
[White "Kevlishvili, Robby"]
[Black "Chasin, Nico"]
[Result "1-0"]
[WhiteTitle "GM"]
[BlackTitle "IM"]
[WhiteElo "2527"]
[BlackElo "2517"]
[WhiteFideId "1040634"]
[BlackFideId "30908477"]
[EventDate "2025.12.29"]

1. e4 c5 2. Nf3 Nc6 3. d4 cxd4 4. Nxd4 e6 5. Nc3 Qc7 6. Be3 a6 7. Nxc6 bxc6 8.
Qf3 Nf6 9. Qg3 Qxg3 10. hxg3 Ng4 11. Bd2 Bc5 12. Nd1 d5 13. f3 Nf6 14. Nc3 dxe4
15. Nxe4 Nxe4 16. fxe4 e5 17. Be2 Be6 18. b3 Ke7 19. O-O-O h6 20. Ba5 f6 21. c3
Rhb8 22. Kc2 Bb6 23. Bb4+ Kf7 24. Rd6 a5 25. Ba3 a4 26. b4 Rc8 27. Bh5+ Ke7 28.
b5 Be3 29. Rxc6+ Kd7 30. Rd1+ Bd4 31. cxd4 1-0

[Event "World Blitz 2025"]
[Site "Doha QAT"]
[Date "2025.12.29"]
[Round "3.66"]
[White "Balakrishnan, Praveen"]
[Black "Pantsulaia, Levan"]
[Result "1/2-1/2"]
[WhiteTitle "GM"]
[BlackTitle "GM"]
[WhiteElo "2507"]
[BlackElo "2472"]
[WhiteFideId "2064871"]
[BlackFideId "13602071"]
[EventDate "2025.12.29"]

1. e4 c5 2. Nf3 e6 3. d4 cxd4 4. Nxd4 a6 5. Nc3 b5 6. Bd3 Bb7 7. O-O b4 8. Na4
Nf6 9. Re1 Nc6 10. Nb3 Ne5 11. Be3 Bc6 12. Nb6 Rb8 13. Nc4 Nxc4 14. Bxc4 Nxe4
15. Bxa6 Be7 16. Bd3 Nf6 17. Nd4 Bd5 18. Bf4 Rc8 19. Nf3 O-O 20. Qe2 Qb6 21. Ng5
Bc5 22. Bg3 Bd4 23. Be5 Bxe5 24. Qxe5 h6 25. Nh3 Bc4 26. Qe2 Bxd3 27. Qxd3 d5
28. Re2 Rc4 29. Kh1 Rfc8 30. f3 Rd4 31. Qe3 Rxc2 32. Rxc2 Rd1+ 33. Qg1 Rxg1+ 34.
Nxg1 d4 35. a4 bxa3 36. bxa3 Nd5 37. a4 Qa5 38. Rb2 d3 39. Rd1 Qc3 40. Rbd2 Nb4
41. a5 Qa3 42. Nh3 Qxa5 43. Nf2 Qb6 44. Nxd3 Nd5 45. Nf2 g6 46. Ne4 Kg7 47. Rc1
h5 48. Rdc2 h4 49. h3 Ne3 50. Rd2 Nf5 51. Rcd1 Qb4 52. Ra2 Ne3 53. Rda1 Qb5 54.
Re1 Nd5 55. Rd2 Kh6 56. Nd6 Qd7 57. Ne4 Qc7 58. Red1 g5 59. Nf2 Kg6 60. Re1 Qa5
61. Rde2 Nf4 62. Re3 Qd2 63. Kg1 f5 64. Re5 Kf6 65. R5e3 Qb2 66. Rd1 Ne2+ 67.
Kf1 Ng3+ 68. Kg1 Qb6 69. Rde1 Kf7 70. Rxe6 Qxe6 71. Rxe6 Kxe6 72. Nd3 Kd5 73.
Kf2 Kd4 74. Nb4 Nh5 75. Nc6+ Kd5 76. Ne7+ Ke6 77. Nc6 Nf6 78. Nd4+ Ke5 79. Nc6+
Kd5 80. Ne7+ Ke6 81. Nc6 Nd5 82. Nd4+ Ke5 83. Nc6+ Kd6 84. Nd4 Ke5 1/2-1/2

[Event "World Blitz 2025"]
[Site "Doha QAT"]
[Date "2025.12.29"]
[Round "3.67"]
[White "Hovhannisyan, Robert"]
[Black "Samadov, Read"]
[Result "1-0"]
[WhiteTitle "GM"]
[BlackTitle "IM"]
[WhiteElo "2621"]
[BlackElo "2510"]
[WhiteFideId "13302507"]
[BlackFideId "13417444"]
[EventDate "2025.12.29"]

1. e4 c5 2. Nf3 d6 3. Nc3 Nf6 4. d4 cxd4 5. Qxd4 a6 6. e5 Nc6 7. Qa4 Ng4 8. exd6
Qb6 9. h3 Qxf2+ 10. Kd1 Nf6 11. Nb5 axb5 12. Qxa8 Kd8 13. Qa3 Bf5 14. Bd2 Ne4
15. Be3 Qg3 16. Ng5 Kd7 17. Nxe4 Bxe4 18. Bd2 Qg6 19. Bxb5 e6 20. Bd3 Bxd6 21.
Bxe4 Qxe4 22. Qf3 Qg6 23. Rf1 f5 24. Bf4 e5 25. Bd2 Rf8 26. Bc3 e4 27. Qe2 Kc7
28. Kc1 Rd8 29. Kb1 Rd7 30. a4 Qe6 31. a5 Be5 32. Bxe5+ Qxe5 33. a6 bxa6 34.
Rxa6 Kb7 35. Ra3 Rd4 36. Qa6+ Kc7 37. Rc3 Qd5 38. Rxc6+ Qxc6 39. Qa7+ 1-0

[Event "World Blitz 2025"]
[Site "Doha QAT"]
[Date "2025.12.29"]
[Round "3.68"]
[White "Gan-Erdene, Sugar"]
[Black "Quparadze, Giga"]
[Result "1/2-1/2"]
[WhiteTitle "IM"]
[BlackTitle "GM"]
[WhiteElo "2444"]
[BlackElo "2502"]
[WhiteFideId "4902980"]
[BlackFideId "13602250"]
[EventDate "2025.12.29"]

1. d4 Nf6 2. c4 e6 3. g3 d5 4. Nf3 Bb4+ 5. Bd2 a5 6. Bg2 O-O 7. Qc2 Be7 8. O-O
c6 9. b3 b6 10. Rd1 Bb7 11. Nc3 Na6 12. a3 c5 13. cxd5 exd5 14. Bf4 Rc8 15. Bh3
Ra8 16. Ne5 cxd4 17. Nb5 d3 18. Rxd3 Nc5 19. Rdd1 Ne6 20. Bxe6 fxe6 21. Qc7 Qxc7
22. Nxc7 Rac8 23. Nxe6 Rfe8 24. Nd4 Ne4 25. Nd7 Bc5 26. Nxc5 bxc5 27. Nb5 g5 28.
f3 Ba6 29. Nc7 Nc3 30. Nxe8 Rxe8 31. Bxg5 Nxd1 32. Rxd1 d4 33. e3 dxe3 34. Rd8
Rxd8 35. Bxd8 Bb7 36. Bxa5 Bxf3 37. Bb6 Bd1 38. Bxc5 Bxb3 39. Bxe3 Kf7 40. Kf2
Ke6 41. Kf3 Kd5 42. Kf4 Bc2 43. g4 Kc6 44. h4 Kb5 45. Ke5 Ka4 46. Kf6 Kxa3 47.
Ke5 1/2-1/2

[Event "World Blitz 2025"]
[Site "Doha QAT"]
[Date "2025.12.29"]
[Round "3.85"]
[White "Chanda, Sandipan"]
[Black "Idani, Pouya"]
[Result "1-0"]
[WhiteTitle "GM"]
[BlackTitle "GM"]
[WhiteElo "2490"]
[BlackElo "2611"]
[WhiteFideId "5004225"]
[BlackFideId "12510130"]
[EventDate "2025.12.29"]

1. d4 d5 2. Nf3 Nc6 3. Bf4 Bf5 4. e3 e6 5. Bd3 Bd6 6. Bxd6 Qxd6 7. Bxf5 exf5 8.
O-O Nf6 9. Nbd2 O-O 10. c4 Ne7 11. Qb3 Qb6 12. cxd5 Qxb3 13. Nxb3 Nfxd5 14. Rfc1
Rfd8 15. Nc5 Rab8 16. a3 f6 17. b4 Kf7 18. Rc2 c6 19. Rb1 Nc7 20. a4 b6 21. Nd3
Ne6 22. g3 g5 23. Kf1 Rd6 24. Ke2 f4 25. gxf4 gxf4 26. b5 fxe3 27. fxe3 cxb5 28.
axb5 Rg8 29. Ra1 Rg2+ 30. Kd1 Rxc2 31. Kxc2 Nc8 32. Kb3 Ke7 33. Nb4 Kd7 34. Nd2
Nc7 35. d5 Ke8 36. Ne4 Rxd5 37. Nxf6+ 1-0

[Event "World Blitz 2025"]
[Site "Doha QAT"]
[Date "2025.12.29"]
[Round "3.86"]
[White "Adhiban, Baskaran"]
[Black "Sankalp, Gupta"]
[Result "1-0"]
[WhiteTitle "GM"]
[BlackTitle "GM"]
[WhiteElo "2557"]
[BlackElo "2557"]
[WhiteFideId "5018471"]
[BlackFideId "5097010"]
[EventDate "2025.12.29"]

1. d4 Nf6 2. Nf3 d5 3. c4 e6 4. g3 Be7 5. Bg2 O-O 6. O-O a5 7. h4 a4 8. Qc2 Nc6
9. Na3 Nb4 10. Qd1 Ne4 11. Bf4 c6 12. Ne5 f6 13. Nd3 f5 14. Nxb4 Bxb4 15. Nc2
Be7 16. Ne1 g5 17. hxg5 Bxg5 18. Qc1 Bxf4 19. Qxf4 Bd7 20. Nd3 Be8 21. Ne5 Bh5
22. Bf3 Bxf3 23. exf3 Nf6 24. Qg5+ Kh8 25. Kg2 Nd7 26. Ng6+ Kg7 27. Nxf8+ Kxf8
28. Qh6+ Ke7 29. Qxh7+ Kd6 30. c5+ Kc7 31. Rfe1 Qf6 32. Qh4 Qxh4 33. gxh4 Re8
34. f4 Nf6 35. Kf3 Kd7 36. Rg1 Ng4 37. Rg3 Rh8 38. Rh1 Ke7 39. h5 Kf7 40. Ke2
Nf6 41. h6 Rh7 42. f3 Ng8 43. Kd2 Rxh6 44. Rxh6 Nxh6 45. Kc3 Ng8 46. Kb4 Ne7 47.
Kxa4 Ng6 48. Rxg6 Kxg6 49. Ka5 Kh5 50. Kb6 1-0

[Event "World Blitz 2025"]
[Site "Doha QAT"]
[Date "2025.12.29"]
[Round "3.87"]
[White "Begmuratov, Khumoyun"]
[Black "Sanal, Vahap"]
[Result "0-1"]
[WhiteTitle "IM"]
[BlackTitle "GM"]
[WhiteElo "2451"]
[BlackElo "2546"]
[WhiteFideId "14210207"]
[BlackFideId "6300545"]
[EventDate "2025.12.29"]

1. e4 e5 2. Nf3 Nc6 3. Bc4 Bc5 4. c3 Nf6 5. d3 d6 6. b4 Bb6 7. a4 a6 8. O-O h6
9. Re1 O-O 10. Nbd2 Ne7 11. Nf1 Ng6 12. Be3 Bxe3 13. Nxe3 a5 14. b5 c6 15. Qb3
Nf4 16. g3 d5 17. gxf4 dxc4 18. Nxc4 exf4 19. bxc6 bxc6 20. Qc2 Be6 21. Nd4 Bxc4
22. dxc4 Ng4 23. Nf3 Nf6 24. e5 Nh7 25. Qf5 Ng5 26. Kg2 Nxf3 27. Kxf3 Qd2 28.
Qxf4 Qxc3+ 29. Kg2 Rad8 30. Rad1 Qc2 31. Rxd8 Rxd8 32. e6 fxe6 33. Rxe6 Rf8 34.
Qd4 Qf5 35. Re5 Qg6+ 36. Kh1 Kh8 37. Re7 Rb8 38. Re1 Qf5 39. Rg1 Qf3+ 0-1

[Event "World Blitz 2025"]
[Site "Doha QAT"]
[Date "2025.12.29"]
[Round "3.88"]
[White "Haug, Havard"]
[Black "Morris, James"]
[Result "0-1"]
[WhiteTitle "FM"]
[BlackTitle "IM"]
[WhiteElo "2416"]
[BlackElo "2422"]
[WhiteFideId "1547887"]
[BlackFideId "3205800"]
[EventDate "2025.12.29"]

1. d4 Nf6 2. Bg5 c5 3. Bxf6 exf6 4. c3 d5 5. e3 Nc6 6. g3 Be6 7. Nd2 Qb6 8. Qb3
Qc7 9. Bg2 c4 10. Qc2 f5 11. Ne2 Bd6 12. Nf4 Ne7 13. Nf3 h6 14. h4 b5 15. a3 a5
16. O-O O-O 17. Rfe1 b4 18. axb4 axb4 19. cxb4 Nc6 20. b5 Nb4 21. Qc3 Bxf4 22.
Qxb4 Bd6 23. Qc3 Qb6 24. b3 Qxb5 25. bxc4 dxc4 26. Rab1 Qa5 27. Qc2 Rab8 28. Ra1
Qc7 29. Rec1 Rb4 30. Nd2 Rfb8 31. Rab1 c3 32. Rxb4 Bxb4 33. d5 Bd7 34. Qd3 Qa5
35. Nf3 Qa3 36. Rb1 Bd6 37. Rxb8+ Bxb8 38. Nd4 Qb2 39. Bf1 Be5 40. Nc2 Ba4 41.
d6 Qxc2 42. Qd5 Bf6 43. d7 Qd2 44. Qa8+ Kh7 45. Qxa4 c2 46. Qb5 c1=Q 47. Qxf5+
Kg8 48. Kg2 Qcc2 49. Qf4 Qxd7 50. Kh2 Qdf5 51. Qb8+ Kh7 0-1

[Event "World Blitz 2025"]
[Site "Doha QAT"]
[Date "2025.12.29"]
[Round "3.89"]
[White "Davtyan, Artur"]
[Black "Anton Guijarro, David"]
[Result "1-0"]
[WhiteTitle "IM"]
[BlackTitle "GM"]
[WhiteElo "2474"]
[BlackElo "2646"]
[WhiteFideId "13308327"]
[BlackFideId "2285525"]
[EventDate "2025.12.29"]

1. e4 c6 2. d4 d5 3. e5 Bf5 4. Nf3 e6 5. Be2 c5 6. c4 dxc4 7. Bxc4 cxd4 8. Qxd4
Nc6 9. Bb5 Ne7 10. Bg5 Bxb1 11. Qxd8+ Rxd8 12. Bxe7 Bxe7 13. Rxb1 Rd5 14. Bxc6+
bxc6 15. Rc1 Kd7 16. Ke2 Rb8 17. Rc2 a5 18. Rhc1 a4 19. Rxc6 Rxb2+ 20. R1c2
Rxc2+ 21. Rxc2 Rb5 22. Kd3 a3 23. Kc4 Rb4+ 24. Kd3 Rb5 25. Kc4 Rb2 26. Kd3 Rxc2
27. Kxc2 Bc5 28. Kb3 h6 29. Nd2 Bxf2 30. Kxa3 Kc6 31. Ka4 Kd5 32. Kb5 Kxe5 33.
a4 Kd5 34. a5 e5 35. Nc4 Ba7 36. Nb6+ Kd4 37. Nc8 e4 38. Nxa7 e3 39. Nc6+ Ke4
40. Nb4 e2 41. Nc2 g5 42. a6 Kd3 43. Ne1+ Kd2 44. Nf3+ Ke3 45. a7 g4 46. a8=Q
gxf3 47. Qxf3+ Kd2 48. Qd5+ Kc1 49. Qc4+ Kd1 50. Qd3+ Ke1 51. Kc4 Kf1 52. Qf3+ 1-0

[Event "World Blitz 2025"]
[Site "Doha QAT"]
[Date "2025.12.29"]
[Round "3.90"]
[White "Warmerdam, Max"]
[Black "Iniyan, Pa"]
[Result "1-0"]
[WhiteTitle "GM"]
[BlackTitle "GM"]
[WhiteElo "2573"]
[BlackElo "2598"]
[WhiteFideId "1048104"]
[BlackFideId "25002767"]
[EventDate "2025.12.29"]

1. Nf3 Nf6 2. c4 g6 3. Nc3 Bg7 4. e4 d6 5. d4 O-O 6. Be2 e5 7. d5 Na6 8. Nd2 Nd7
9. a3 f5 10. b4 Nf6 11. Qc2 c5 12. b5 Nc7 13. h4 Bh6 14. h5 Nxh5 15. Bxh5 gxh5
16. Rxh5 Qf6 17. exf5 Bxd2+ 18. Qxd2 Bxf5 19. Qg5+ Bg6 20. Qxf6 Rxf6 21. Rh4
Raf8 22. Be3 Ne8 23. Ke2 Ng7 24. g4 Rf4 25. Bxf4 Rxf4 26. f3 Rxc4 27. Ne4 Bxe4
28. fxe4 Rxe4+ 29. Kf3 Rf4+ 30. Kg3 h5 31. Ra2 Rd4 32. Rf2 Rd3+ 33. Kh2 Rd4 34.
Kh3 Rd3+ 35. Kh2 Rd4 36. Kg3 Rd3+ 37. Rf3 e4 38. Rxd3 exd3 39. Kf3 Kf7 40. gxh5
Nf5 41. Rf4 Kf6 42. h6 Ke5 43. Rxf5+ Kxf5 44. h7 1-0

[Event "World Blitz 2025"]
[Site "Doha QAT"]
[Date "2025.12.29"]
[Round "3.91"]
[White "Stribuk, Artiom"]
[Black "Chigaev, Maksim"]
[Result "0-1"]
[WhiteTitle "IM"]
[BlackTitle "GM"]
[WhiteElo "2476"]
[BlackElo "2626"]
[WhiteFideId "13515659"]
[BlackFideId "4108116"]
[EventDate "2025.12.29"]

1. Nf3 Nf6 2. c4 g6 3. g3 Bg7 4. Bg2 O-O 5. O-O c5 6. Nc3 Nc6 7. d4 d6 8. dxc5
dxc5 9. Be3 b6 10. Ne5 Nxe5 11. Bxa8 Nxc4 12. Bc1 Bf5 13. Qxd8 Rxd8 14. Bb7 Ne8
15. Ba6 Ned6 16. Rd1 Bc2 17. Rf1 Bxc3 18. bxc3 b5 19. Bf4 Rb8 20. a4 e5 21. axb5
exf4 22. gxf4 Nb6 23. Rfc1 Bb3 24. f3 Bc4 25. Kf2 Bxb5 26. Bxb5 Nxb5 27. c4 Nd6
28. Rxa7 Nbxc4 29. Rc7 Rb5 30. Rc6 Kg7 31. e4 Rb2+ 32. Kg3 h5 33. h4 Rd2 34.
Rxc5 Ne3 35. R5c3 Nd1 36. R3c2 Rd3 37. Ra1 Nxe4+ 38. Kg2 Ne3+ 0-1

[Event "World Blitz 2025"]
[Site "Doha QAT"]
[Date "2025.12.29"]
[Round "3.92"]
[White "Bai, Jinshi"]
[Black "Murshed, Niaz"]
[Result "1-0"]
[WhiteTitle "GM"]
[BlackTitle "GM"]
[WhiteElo "2599"]
[BlackElo "2341"]
[WhiteFideId "8602280"]
[BlackFideId "10200010"]
[EventDate "2025.12.29"]

1. Nf3 Nf6 2. g3 d5 3. Bg2 c6 4. O-O Bf5 5. d3 Nbd7 6. c4 e5 7. cxd5 cxd5 8. Nc3
Be7 9. Nd2 Be6 10. e4 dxe4 11. dxe4 O-O 12. Nb3 Nc5 13. Nxc5 Bxc5 14. Qe2 Rc8
15. Rd1 Qe7 16. h3 h6 17. Be3 Bc4 18. Qe1 Rfd8 19. Rac1 Bd4 20. b3 Be6 21. Bxd4
exd4 22. Nb5 Rxc1 23. Rxc1 d3 24. Qd2 a6 25. Nc7 Rc8 26. Nxe6 Rxc1+ 27. Qxc1
Qxe6 28. Qd2 Qd7 29. e5 Ne8 30. Be4 Qd4 31. Qxd3 Qxe5 32. Bxb7 Nd6 33. Bxa6 Qe1+
34. Kg2 Ne4 35. Qe2 Qxe2 36. Bxe2 Nc3 37. Kf3 Nxa2 38. Ke3 Kf8 39. Kd4 Nb4 40.
Kc5 Nc2 41. b4 Ke7 42. b5 Kd8 43. b6 Kc8 44. Bd3 Ne1 45. Be4 1-0

[Event "World Blitz 2025"]
[Site "Doha QAT"]
[Date "2025.12.29"]
[Round "3.93"]
[White "Peyrer, Konstantin"]
[Black "Klukin, Kirill"]
[Result "1-0"]
[WhiteTitle "IM"]
[BlackTitle "IM"]
[WhiteElo "2496"]
[BlackElo "2414"]
[WhiteFideId "1640879"]
[BlackFideId "24199273"]
[EventDate "2025.12.29"]

1. Nf3 d5 2. g3 Nf6 3. Bg2 e6 4. c4 dxc4 5. Qa4+ Nbd7 6. Qxc4 a6 7. Qc2 c5 8.
Nc3 Qc7 9. O-O b5 10. a4 b4 11. Nd1 Bb7 12. Ne3 Be7 13. Nc4 O-O 14. d3 e5 15.
Bg5 e4 16. Bf4 Qc8 17. Nh4 exd3 18. Qxd3 Bxg2 19. Kxg2 Qc6+ 20. Qf3 Qe6 21. b3
Nd5 22. Rad1 N7f6 23. Be5 Rfe8 24. Rd3 Bf8 25. Rfd1 Nb6 26. Rd6 Bxd6 27. Rxd6
Qg4 28. Rxb6 Qxf3+ 29. Nxf3 Ne4 30. Nd6 Re6 31. Nc4 Rae8 32. Rb7 f6 33. Bb2 Nc3
34. e3 Rd8 35. Nfd2 Rd3 36. Rc7 Nd1 37. Ba1 Rd5 38. e4 Rd8 39. e5 fxe5 40. Rxc5
Nc3 41. Nf3 e4 42. Ng5 Re7 43. Ne3 h6 44. Nh3 Rd2 45. Bxc3 bxc3 46. Rxc3 Rd3 47.
Rc6 Rxb3 48. Rxa6 Kh7 49. a5 Rc7 50. Ra8 Ra3 51. Nf4 Ra2 52. Nfd5 Rf7 53. Nf4 g5
54. Nh3 Rc7 55. Re8 Ra4 56. Ng1 Ra7 57. Ne2 R7xa5 58. Nc3 Rd4 59. Nxe4 Ra7 60.
Re6 Kg7 61. Nf5+ 1-0